|
|
|
|
| LEADER |
00965nam a22002772a 4500 |
| 001 |
000977958 |
| 003 |
CZ BrMZK |
| 005 |
20091115170241.0 |
| 008 |
970107s1959 xr a f cze d |
| 015 |
|
|
|a cnb000684902
|
| 035 |
|
|
|a (OCoLC)85461134
|
| 040 |
|
|
|a ABA001
|b cze
|c ULG001
|d ABA001
|
| 080 |
9 |
|
|a 528.28(084.1)
|
| 100 |
1 |
|
|a Netušil, Václav,
|d 1909-1981
|7 jk01083291
|4 aut
|
| 245 |
1 |
0 |
|a Houbařem snadno a rychle /
|c Václav Netušil, František Procházka
|
| 250 |
|
|
|a 2. vyd.
|
| 260 |
|
|
|a Praha :
|b Státní nakladatelství dětské knihy,
|c 1959
|f SG)
|
| 300 |
|
|
|a [17] s. :
|b il. ;
|c příč. 12°
|
| 490 |
1 |
|
|a Kukátko
|
| 500 |
|
|
|a 10000 výt.
|
| 700 |
1 |
|
|a Procházka, František,
|d 1911-1976
|7 jk01101124
|4 aut
|
| 830 |
|
0 |
|a Kukátko (Státní nakladatelství dětské knihy)
|0 s
|
| 910 |
|
|
|a BOA001
|b S-0407.939-59
|
| 990 |
|
|
|a BK
|
| 991 |
|
|
|b 200911
|
| 996 |
6 |
|
|b 2619536749
|c S-0407.939-59
|l MZK
|r Sklad / do 24 hodin
|n 0
|w 000977958
|u 000010
|a 1
|e BOA001
|j MZK50
|s P
|